Tajemnice szydła
| Titel: | Tajemnice szydła : grypsy z Majdanka 1943 - 1944 / Henryk Jerzy Szcześniewski; oprac. Barbara Hirsz ... |
|---|---|
| Verfasser: | |
| Beteiligt: | |
| Veröffentlicht: | Warszawa : Państwowy Instytut Wydawniczy, 2014 |
| Umfang: | 415 Seiten : Illustrationen ; 21 cm |
| Format: | Buch |
| Sprache: | Polnisch |
| ISBN: | 8306032934 ; 9788306032932 |
| Hinweise zum Inhalt: |
Inhaltsverzeichnis
|
alg: 34353970 001A $03004:15-07-14 001B $01999:19-12-24 $t12:57:52.000 001D $03004:27-08-14 001U $0utf8 001X $00 002@ $0Aau 002C $aText $btxt $2rdacontent 002D $aohne Hilfsmittel zu benutzen $bn $2rdamedia 002E $aBand $bnc $2rdacarrier 003@ $0343539705 004A $083-06-03293-4 004A $A978-83-06-03293-2 006G $01056976012 006U $015,A36 $f20140827 007A $0BV041972747 $aBVB 007G $0DE0205BD7BB44EB67B654C1257D4200364C9E 009P $qapplication/pdf $A2 $3Inhaltsverzeichnis $uhttp://scans.hebis.de/HEBCGI/show.pl?34353970_toc.pdf $mV:DE-603;B:DE-Mb50 010@ $apol 011@ $a2014 $n2014 013D $RQuelle $RBericht $RTagebuch $#Personal narratives $#Récits personnels $#Augenzeugenbericht Formschlagwort $#Eindrücke Formschlagwort $#Erlebnisgeschichte $#Reportage Formschlagwort $#Erfahrungsbericht $#Persönlicher Bericht $74133254-4 $8Erlebnisbericht [Ts1] $9085482919 021A $aTajemnice szydła $dgrypsy z Majdanka 1943 - 1944 $hHenryk Jerzy Szcześniewski; oprac. Barbara Hirsz ... 028A $BVerfasser $4aut $7130045411 $8Szcześniewski, Henryk Jerzy$Z1910-2002 [Tp1] $9128851066 028C $7 $8Hirsz, Barbara [Tn3] $934665579X 033A $pWarszawa $nPaństwowy Instytut Wydawniczy 034D $a415 Seiten 034I $a21 cm 034M $aIllustrationen 037A $aBibliografie S. 407 - [411] 044K $qBVB $#KZ Majdanek $#obóz koncentracyjny Majdanek $74268005-0 $8Konzentrationslager Majdanek [Tb1] $9086433342 045E $c940 045F $a940.5318092 $eDDC22ger 045F/01 $a940.5318092 045R $aGeschichte lok: 34353970 24 exp: 34353970 24 1 #EPN 201B/01 $027-08-14 $t12:38:30.000 201C/01 $015-07-14 201U/01 $0utf8 203@/01 $0734659598 208@/01 $a27-08-14 $bz 209A/01 $a14.08270 $du $f050 $h14 08270 $x00 209C/01 $a14.08270 K $h14 08270 K 209G/01 $a73498473 $x00 220C/01 $awal 247C/01 $8358050-7Marburg, Bibliothek des Herder-Instituts Marburg $9102600961 lok: 34353970 78 exp: 34353970 78 1 #EPN 201B/01 $007-07-17 $t14:38:48.000 201C/01 $007-07-17 201U/01 $0utf8 203@/01 $01003199895 208@/01 $a07-07-17 $be 209A/01 $a/ $f000 $x00 209A/01 $ab*p $x01 220C/01 $apgar 244Z/01 $#Generalgouvernement Polen $#Polska $#Rzeczpospolita Polska $#Polska Rzeczpospolita Ludowa $#Poland $#Pologne $#République Polonaise $#Generalne Gubernatorstwo w Polsce $#Polish People's Republic $#Polska Rzeczpospolita Polen $#PRL $#RP $#Polen Generalgouvernement $#Polska Generalgouvernement $#Besetzte Polnische Gebiete $#Besetztes Gebiet in Polen $#Okupowane Polskie Obszary $#Obszary Okupowane w Polsce $#Volksrepublik Polen $#Polska Rosyjska $#Republic Polen $#Respublika Pol'ša $#Pol'skaja Narodnaja Respublika $#République de Pologne $#Polen Links der Weichsel $#Polska po Lewej Stronie Wisły $#Lenkija $#Polija $#Gubernija Carstva Pol'skago $#Republik Polen $74046496-9 $8--Tg1--Polen $x01 $9085129801 247C/01 $82080>Marburg/Lahn, Herder-Institut, Forschungsbibliothek, Bibliographieportal $9336309341
| LEADER | 00000cam a2200000 c 4500 | ||
|---|---|---|---|
| 001 | 343539705 | ||
| 003 | DE-603 | ||
| 005 | 20241219125752.0 | ||
| 007 | tu | ||
| 008 | 140715s2014 xx |||| | u00||u|pol | ||
| 015 | |a 15,A36 |2 dnb | ||
| 016 | 7 | |2 DE-101 |a 1056976012 | |
| 020 | |a 8306032934 | ||
| 020 | |a 9788306032932 | ||
| 035 | |a (DE-599)BVBBV041972747 | ||
| 040 | |a DE-603 |b ger |c DE-603 |d DE-603 | ||
| 041 | |a pol | ||
| 082 | 0 | 4 | |8 1\u |a 940.5318092 |q DE-101 |2 22/ger |
| 084 | |a 940 |q DE-101 |2 sdnb | ||
| 085 | |8 1\u |b 940.5318092 | ||
| 100 | 1 | |a Szcześniewski, Henryk Jerzy |d 1910-2002 |e Verfasser |4 aut |0 (DE-603)128851066 |0 (DE-588)130045411 |2 gnd | |
| 245 | 0 | 0 | |a Tajemnice szydła |b grypsy z Majdanka 1943 - 1944 |c Henryk Jerzy Szcześniewski; oprac. Barbara Hirsz ... |
| 264 | 1 | |a Warszawa |b Państwowy Instytut Wydawniczy |c 2014 | |
| 300 | |a 415 Seiten |b Illustrationen |c 21 cm | ||
| 336 | |a Text |b txt |2 rdacontent | ||
| 337 | |a ohne Hilfsmittel zu benutzen |b n |2 rdamedia | ||
| 338 | |a Band |b nc |2 rdacarrier | ||
| 500 | |a Bibliografie S. 407 - [411] | ||
| 610 | 1 | 7 | |a Konzentrationslager Majdanek |2 gnd |0 (DE-588)4268005-0 |0 (DE-603)086433342 |
| 648 | 7 | |a Geschichte |2 gnd | |
| 655 | 7 | |a Erlebnisbericht |2 gnd-content |0 (DE-588)4133254-4 |0 (DE-603)085482919 | |
| 700 | 1 | |a Hirsz, Barbara |0 (DE-603)34665579X | |
| 856 | 4 | 2 | |m V:DE-603;B:DE-Mb50 |q application/pdf |u http://scans.hebis.de/HEBCGI/show.pl?34353970_toc.pdf |3 Inhaltsverzeichnis |
| 924 | 0 | |9 Mb 50 |a (DE-603)734659598 |b DE-Mb50 |c HES |d c |g 14.08270 | |
| 924 | 0 | |9 2080 |a (DE-603)1003199895 |b DE-2080 |c HES |d d |g / | |


